| 000 | 00604 a2200205 4500 | ||
|---|---|---|---|
| 005 | 20250602161918.0 | ||
| 010 | _aENG-130347 ENG-145158 | ||
| 020 |
_c1375.00 _a978-035254-457-8 |
||
| 035 | _aEN-113879 | ||
| 035 | _aEN-128690 | ||
| 037 | _bDBAD | ||
| 082 | _a615.19 | ||
| 100 |
_aShenoy, Premnath _981546 |
||
| 245 |
_aHandbook of Pharmaceutical Quality Assurance: _cPremnath Shenoy |
||
| 250 | _a2016 | ||
| 260 |
_bOmkar Offset Printers _c2016 _aBangalore |
||
| 270 |
_bBangalore _aNo. 3 NT Pet _e02 |
||
| 300 |
_axvii, 329p. _c24cm (hbk) |
||
| 942 |
_adpl _cEN _2ddc _h615.19 _mSHE |
||
| 999 |
_c183075 _d183075 |
||